[Event "Petrosian Mem Open"]
[Site "Yerevan ARM"]
[Date "2004.11.26"]
[Round "8"]
[White "Asrian,K"]
[Black "Shanava,K"]
[Result "1-0"]
[WhiteElo "2591"]
[BlackElo "2456"]

1.e4 c5 2.Nf3 d6 3.d4 cxd4 4.Nxd4 Nf6 5.Nc3 a6 6.Be3 e5 7.Nb3 Be6 8.f3 Nbd7
9.g4 Nb6 10.g5 Nh5 11.Qd2 Be7 12.O-O-O O-O 13.Rg1 Rc8 14.Kb1 Qc7 15.Qf2 Bd8
16.h4 g6 17.Rg2 Nc4 18.Bxc4 Bxc4 19.f4 exf4 20.Bxf4 Nxf4 21.Qxf4 f6 22.Qd2 fxg5
23.hxg5 Qe7 24.Re1 Re8 25.Nd5 Bxd5 26.Qxd5+ Qf7 27.Qxd6 Rc6 28.Qd3 Bb6 29.Rd2 Rce6
30.a4 Re5 31.Rf1 Qe6 32.Rf6 Qg4 33.Qc4+ Kh8 34.Rf7 Qxe4 35.Rxh7+  1-0

[Event "Stek Cup"]
[Site "Tula RUS"]
[Date "2004.11.27"]
[Round "11"]
[White "Gorbunov,O1"]
[Black "Kozlov,M1"]
[Result "0-1"]
[WhiteElo "2266"]
[BlackElo "2282"]

1.e4 c5 2.Nf3 d6 3.d4 cxd4 4.Nxd4 Nf6 5.Nc3 a6 6.Be3 Qc7 7.h3 g6 8.g3 Bg7
9.g4 h6 10.Bg2 Nc6 11.b3 Nxd4 12.Qxd4 Be6 13.O-O O-O 14.e5 dxe5 15.Qc5 Qxc5
16.Bxc5 Rac8 17.Bb4 Rc7 18.Na4 Nd5 19.c3 Nxb4 20.cxb4 e4 21.Rac1 Rxc1 22.Rxc1 Bd5
23.Rc7 Re8 24.Nc5 Be5 25.Rd7 Bc6 26.Rd1 f5 27.gxf5 gxf5 28.Bf1 e6 29.Be2 Re7
30.Rd8+ Kf7 31.Bc4 f4 32.a4 e3 33.fxe3 fxe3 34.Kf1 Bf3 35.Be2 Bd5 36.Bc4 Bc7
37.Rh8 Kg7 38.Rc8 Bf4 39.Ke2 Kf6 40.Rd8 Bxc4+ 41.bxc4 e5 42.b5 Rc7 43.Ne4+ Kf5
44.bxa6 bxa6 45.Kd3 Ke6 46.Re8+ Kf7 47.Nd6+ Kg7 48.Re6 Rc5 49.Nb7 Rxc4 50.Kxc4 e2  0-1

[Event "TCh-SLO"]
[Site "Celje SLO"]
[Date "2004.11.29"]
[Round "1"]
[White "Sakelsek,T"]
[Black "Kos,T"]
[Result "1/2-1/2"]
[WhiteElo "2425"]
[BlackElo "2352"]

1.e4 c5 2.Nf3 d6 3.Nc3 Nf6 4.d4 cxd4 5.Nxd4 a6 6.Be3 e5 7.Nb3 Be6 8.f3 Nbd7
9.g4 b5 10.g5 b4 11.Ne2 Nh5 12.Qd2 a5 13.Ng3 Nxg3 14.hxg3 a4 15.Nc1 Qa5 16.f4 g6
17.Bg2 Bg7 18.f5 gxf5 19.exf5 Bxf5 20.Bxa8 Qxa8 21.O-O Bh3 22.Rf2 e4 23.Ne2 Ne5
24.Nf4 Bg4 25.Qxd6 Nc4 26.Qd5 Qxd5 27.Nxd5 Nxe3 28.Nxe3 Be6 29.Rf4 O-O 30.Rxe4 Bxb2
31.Rb1 a3 32.Rxb4 Bxa2 33.R1xb2 axb2 34.Rxb2 Be6 35.Kf2 Rc8 36.Rb5 Kg7 37.Ke1 Kg6
38.Kd2 Kh5 39.Re5 Rg8 40.Kd3 Rxg5 41.Kd4 Kg6 42.Rxg5+ Kxg5 43.Ke4 h5 44.c3 Bb3
45.Kf3  1/2-1/2

[Event "TCh-SLO"]
[Site "Celje SLO"]
[Date "2004.11.30"]
[Round "2"]
[White "Srebrnic,M"]
[Black "Gruskovnjak,T"]
[Result "1-0"]
[WhiteElo "2252"]
[BlackElo "2313"]

1.e4 c5 2.Nf3 d6 3.d4 cxd4 4.Nxd4 Nf6 5.Nc3 a6 6.Be3 e5 7.Nb3 Be6 8.f3 Be7
9.Qd2 O-O 10.O-O-O b5 11.Kb1 Nbd7 12.Nd5 Bxd5 13.exd5 Nb6 14.Bxb6 Qxb6 15.g4 a5
16.h4 Rfc8 17.g5 Nh5 18.Bd3 a4 19.Nc1 a3 20.b3 g6 21.Ne2 Rc5 22.Be4 Rac8
23.Rc1 Qa7 24.Rh2 Bd8 25.c3 Bb6 26.Qd3 Ba5 27.Rhh1 Bd8 28.Rc2 Qd7 29.Qd2 f5
30.gxf6 Bxf6 31.Qe3 Bg7 32.Qd2 Qe7 33.Rg1 Nf4 34.Nxf4 exf4 35.h5 Rxc3 36.Rxc3 Rxc3
37.hxg6 Qf6 38.gxh7+ Kh8 39.Rg6 Qe5 40.Re6 Qh5 41.Bg6 Qh1+ 42.Re1 Qxe1+ 43.Qxe1 Rc8
44.Qe6  1-0

[Event "Open"]
[Site "Banja Luka BIH"]
[Date "2004.12.04"]
[Round "1"]
[White "Borjanovic,V"]
[Black "Kovacevic,A"]
[Result "0-1"]
[WhiteElo "2095"]
[BlackElo "2556"]

1.e4 c5 2.Nf3 d6 3.d4 cxd4 4.Nxd4 Nf6 5.Nc3 a6 6.Be3 Nc6 7.f3 e6 8.Qd2 Be7
9.O-O-O O-O 10.g4 Nxd4 11.Qxd4 b5 12.g5 Nd7 13.h4 Qa5 14.Kb1 b4 15.Ne2 Nc5
16.Ng3 e5 17.Qd2 Be6 18.b3 Na4 19.Ne2 Nc3+ 20.Nxc3 bxc3 21.Qe1 Qb4 22.Rd3 Rfc8
23.Bh3 Rab8 24.Bc1 a5 25.f4 exf4 26.Bxf4 a4 27.Bxe6 fxe6 28.Rhh3 axb3 29.axb3 Rc4
30.Bc1 Rbc8 31.Rde3 Bd8 32.Rhf3 Bb6 33.Rd3 Bd4  0-1

[Event "TCh-SLO"]
[Site "Celje SLO"]
[Date "2004.12.04"]
[Round "8"]
[White "Stajner,S"]
[Black "Burnazovic,E"]
[Result "1/2-1/2"]
[WhiteElo "2162"]
[BlackElo "2378"]

1.e4 c5 2.Nf3 d6 3.d4 cxd4 4.Nxd4 Nf6 5.Nc3 a6 6.Be3 e5 7.Nb3 Be6 8.f3 Nbd7
9.g4 Nb6 10.g5 Nfd7 11.Qd2 Qc7 12.O-O-O Be7 13.h4 Rc8 14.Kb1 Nc4 15.Bxc4 Qxc4
16.h5 b5 17.g6 hxg6 18.hxg6 Rxh1 19.gxf7+ Bxf7 20.Rxh1 Nf6 21.Qf2 d5 22.Rh8+ Kd7
23.Rxc8 Kxc8 24.Nd2 Qc6 25.Bg5 Bb4 26.Qa7 Qb7 27.Qxb7+ Kxb7 28.Nxd5 Nxd5
29.exd5 Bxd5 30.Ne4 Kc6 31.c3 Bf8 32.Kc2 a5 33.b3 a4 34.Nd2 Bc5 35.c4 bxc4
36.bxc4 Be6 37.Kd3 Bf5+ 38.Ne4 Bb4 39.Be3 Be7 40.Bf2 Bb4 41.Bg3 Bd6 42.Bf2 Bb4
43.Be3 Be7  1/2-1/2

[Event "TCh-SLO"]
[Site "Celje SLO"]
[Date "2004.12.04"]
[Round "8"]
[White "Srebrnic,M"]
[Black "Vombek,D"]
[Result "1/2-1/2"]
[WhiteElo "2252"]
[BlackElo "2346"]

1.e4 c5 2.Nf3 d6 3.d4 cxd4 4.Nxd4 Nf6 5.Nc3 a6 6.Be3 e5 7.Nb3 Be6 8.f3 Be7
9.Qd2 O-O 10.O-O-O Nbd7 11.g4 Nb6 12.Kb1 Qc7 13.Qf2 Nfd7 14.h4 Rfc8 15.g5 a5
16.a4 Nc4 17.Bxc4 Bxc4 18.Nd5 Bxd5 19.Rxd5 Qc4 20.h5 b5 21.Rxb5 Qxa4 22.Qe2 Rc4
23.Rxa5 Rxa5 24.Nxa5 Rc8 25.Nb3 Nc5 26.Nxc5 dxc5 27.c4 Ra8 28.Rd1 Qa2+ 29.Kc2 Ra4
30.Kd2 Qxb2+ 31.Ke1 Qb3 32.Qd3 Qb4+ 33.Ke2 Bf8 34.Rd2 Ra3 35.Qd5 g6 36.hxg6 hxg6
37.Rd3 Ra2+ 38.Rd2 Ra6 39.Qd3 Ra3 40.Qd5 Rc3 41.Kf2 Rxc4 42.Qxe5 Qb1 43.Re2 Qh1
44.Qg3 Qd1 45.Qg1 Qd3 46.Rd2 Qa3 47.Qd1 Rc3 48.Re2 c4 49.Qd8 Rd3 50.Qc8 c3
51.Rc2 Qb3 52.Bc5 Qxc2+ 53.Kg3 Rxf3+ 54.Kxf3 Qd3+ 55.Kf2 Qd2+ 56.Kf3 Qd3+
57.Kf4 Qd2+ 58.Kf3 Qd3+ 59.Kf2 Qd2+  1/2-1/2

[Event "It"]
[Site "Legnica POL"]
[Date "2004.12.04"]
[Round "2"]
[White "Laznicka,V"]
[Black "Lagowski,P"]
[Result "1/2-1/2"]
[WhiteElo "2478"]
[BlackElo "2406"]

1.e4 c5 2.Nf3 d6 3.d4 cxd4 4.Nxd4 Nf6 5.Nc3 a6 6.Be3 e5 7.Nb3 Be7 8.f3 Be6
9.Qd2 h5 10.O-O-O Nbd7 11.h3 Rc8 12.Bd3 b5 13.g4 Nb6 14.Kb1 Nfd7 15.f4 exf4
16.Bxf4 Ne5 17.Nd4 b4 18.Nce2 Nbc4 19.Bxc4 Nxc4 20.Qd3 Qb6 21.Nf5 Bf6 22.Nxd6+ Nxd6
23.Bxd6 Bc4 24.Qf3 hxg4 25.Qxg4 Be6 26.Qg2 Qc6 27.Nf4 Bc4 28.Rhe1 Bh4 29.Qxg7 Bxa2+
30.Ka1 Qa4 31.Qxh8+ Kd7 32.Bxb4+ Bd5+ 33.Ba3 Rxh8 34.Rxd5+ Kc8 35.Red1 Rd8
36.R1d4 Qe8 37.Bd6 Kb7 38.Rc5 Rxd6 39.Rxd6 Be7 40.Rcd5 Bxd6 41.Rxd6 f5 42.Re6 Qa4+
43.Kb1 fxe4 44.b3 Qd4 45.h4 Qe3 46.Nd5 Qd2 47.Rxe4 Qxd5 48.Rc4 Kb6 49.Ra4 a5
50.Rc4  1/2-1/2

[Event "Open"]
[Site "Porec HUN"]
[Date "2004.12.04"]
[Round "6"]
[White "Zecevic,Dea"]
[Black "Zufic,M"]
[Result "1-0"]
[WhiteElo "2395"]
[BlackElo "2370"]

1.e4 c5 2.Nc3 d6 3.Nge2 Nf6 4.d4 cxd4 5.Nxd4 a6 6.Be3 e5 7.Nb3 Be6 8.Qd2 Be7
9.f3 O-O 10.O-O-O Qc7 11.g4 Rc8 12.g5 Nh5 13.Kb1 Nd7 14.Bd3 b5 15.Nd5 Bxd5
16.exd5 Nb6 17.Bxb6 Qxb6 18.Na5 Nf4 19.Nc6 Bxg5 20.h4 Bf6 21.Bf5 Rc7 22.h5 h6
23.Be4 a5 24.a3 Rxc6 25.dxc6 d5 26.Bxd5 Rd8 27.Qc3 e4 28.Qb3 a4 29.Bxf7+ Kf8
30.Rxd8+ Bxd8 31.Qb4+ Kxf7 32.Qxe4 Bc7 33.Rd1 Qb8 34.Rd7+ Kg8 35.Qe7 Nxh5  1-0

[Event "ch-GRE"]
[Site "Athens GRE"]
[Date "2004.12.05"]
[Round "2"]
[White "Mastrovasilis,D"]
[Black "Banikas,H"]
[Result "1/2-1/2"]
[WhiteElo "2574"]
[BlackElo "2538"]

1.e4 c5 2.Nf3 d6 3.Nc3 a6 4.d4 cxd4 5.Nxd4 Nf6 6.Be3 Ng4 7.Bc1 Nf6 8.Be3 e5
9.Nb3 Be7 10.f3 Be6 11.Qd2 Nbd7 12.g4 Nb6 13.g5 Nfd7 14.O-O-O Qc7 15.Kb1 Nc4
16.Bxc4  1/2-1/2

[Event "TCh-BEL 2004-5"]
[Site "Belgium BEL"]
[Date "2004.12.05"]
[Round "5"]
[White "Landa,K"]
[Black "Popovic,Pe"]
[Result "1-0"]
[WhiteElo "2571"]
[BlackElo "2501"]

1.e4 c5 2.Nf3 d6 3.d4 cxd4 4.Nxd4 Nf6 5.Nc3 a6 6.Be3 e5 7.Nb3 Be6 8.f3 Be7
9.Qd2 O-O 10.O-O-O a5 11.Bb5 Na6 12.Kb1 Nc7 13.Bb6 Qc8 14.Ba4 Nd7 15.Bxc7 Qxc7
16.Bxd7 Qxd7 17.Nd5 Bxd5 18.Qxd5 Rfc8 19.Nc1 Qc7 20.Rd2 Ra6 21.h4 Rc6 22.Qd3 b5
23.Ne2 b4 24.g3 a4 25.Rc1 g6 26.c4 Bf8 27.Rdc2 Bh6 28.Rd1 Qb6 29.g4 Be3 30.h5 Bg5
31.Nc1 Ra8 32.hxg6 hxg6 33.Rh2 Kg7 34.Qd5 Qc7 35.Rdh1 Ra5 36.Rh7+ Kf6 37.Rxf7+ Qxf7
38.Qxc6 Qe6 39.Nd3 b3 40.a3 Ra7 41.Rd1 Qd7 42.Qxd7 Rxd7 43.Nc5 Rc7 44.Rxd6+ Ke7
45.Rd5 Be3 46.Nxa4 Rxc4 47.Nc3 Bd4 48.Ne2 Rc2 49.Nxd4 exd4 50.Rb5 Ke6 51.Rxb3 Rd2
52.a4 Ke5 53.a5 d3 54.a6 Rd1+ 55.Ka2 d2 56.Rd3  1-0

[Event "Extraliga CZE 2004-5"]
[Site "Czech Rep CZE"]
[Date "2004.12.05"]
[Round "4"]
[White "Luch,M"]
[Black "Dvorak,T"]
[Result "1-0"]
[WhiteElo "2364"]
[BlackElo "2308"]

1.e4 c5 2.Nf3 d6 3.d4 cxd4 4.Nxd4 Nf6 5.Nc3 a6 6.Be3 e5 7.Nb3 Be6 8.f3 Nbd7
9.g4 Nb6 10.g5 Nh5 11.Qd2 Be7 12.O-O-O O-O 13.Rg1 g6 14.Qf2 Nc4 15.Bxc4 Bxc4
16.Na4 Qc7 17.Nb6 Rae8 18.Qd2 Be6 19.Nd5 Bxd5 20.Qxd5 Rc8 21.c3 b5 22.Kb1 Qc4
23.Qd2 Rfd8 24.Nc1 d5 25.exd5 b4 26.cxb4 Bxb4 27.Qd3 Qh4 28.Rg4 Qxh2 29.Rxb4 Nf4
30.Bxf4 exf4 31.Qd2 Qg3 32.Qxf4 Qf2 33.Rbd4 Qc2+ 34.Ka1 a5 35.Qd2 Qf5 36.Nb3 Qxf3
37.d6 a4 38.Rxa4 Rc6 39.Nd4  1-0

[Event "ch-IND"]
[Site "Visakhapatnam IND"]
[Date "2004.12.08"]
[Round "6"]
[White "Neelotpal,D"]
[Black "Konguvel,P"]
[Result "1/2-1/2"]
[WhiteElo "2458"]
[BlackElo "2403"]

1.e4 c5 2.Nf3 d6 3.d4 cxd4 4.Nxd4 Nf6 5.Nc3 a6 6.Be3 e5 7.Nb3 Be6 8.Qd2 Be7
9.f3 O-O 10.O-O-O Qc7 11.g4 Nbd7 12.Kb1 Rfc8 13.h4 b5 14.g5 Nh5 15.Bh3 b4
16.Nd5 Bxd5 17.exd5 a5 18.Bg4 a4 19.Nc1 Nf4  1/2-1/2

[Event "ch-IND"]
[Site "Visakhapatnam IND"]
[Date "2004.12.09"]
[Round "8"]
[White "Shetty,R"]
[Black "Suvrajit,S"]
[Result "0-1"]
[WhiteElo "2369"]
[BlackElo "2395"]

1.e4 c5 2.Nf3 d6 3.d4 cxd4 4.Nxd4 Nf6 5.Nc3 a6 6.Be3 e5 7.Nb3 Be6 8.f3 Be7
9.Qd2 O-O 10.O-O-O Nbd7 11.g4 Qc7 12.Kb1 b5 13.g5 Nh5 14.Rg1 b4 15.Nd5 Bxd5
16.exd5 a5 17.Bb5 f5 18.Rc1 a4 19.Na1 Rfb8 20.c4 f4 21.Bf2 Nc5 22.Bc6 Ra6
23.Bxc5 dxc5 24.Rce1 Bd6 25.b3 axb3 26.Nxb3 g6 27.Qf2 Qa7 28.Re2 Ra3 29.Rge1 Qe7
30.Qh4 Rf8 31.Qg4 Rf5 32.Rg1 Ng7 33.Nd2 Qa7 34.Nb3 Nh5 35.Qh4 Qc7 36.Qf2 Qe7
37.Qg2 Ng7 38.Nd2 Rf7 39.Ne4 Nf5 40.Rb2 Nh4 41.Qg4 Nxf3 42.Rf1 Nd4 43.h4 Nf5
44.Nf6+ Rxf6 45.gxf6 Qxf6 46.h5 Rg3 47.Qe2 Nd4 48.Qd1 Qf5+ 49.Ka1 Ra3 50.hxg6 hxg6
51.Ba4 e4 52.Bc2 Be5 53.Kb1 f3 54.Qe1 Nxc2 55.Rxc2 b3  0-1

[Event "Master Open"]
[Site "Singapore SIN"]
[Date "2004.12.12"]
[Round "2"]
[White "Goh Weiming"]
[Black "Xu Jun"]
[Result "1/2-1/2"]
[WhiteElo "2353"]
[BlackElo "2589"]

1.e4 c5 2.Nf3 d6 3.d4 cxd4 4.Nxd4 Nf6 5.Nc3 a6 6.Be3 e5 7.Nf3 Be7 8.Bc4 O-O
9.O-O Nc6 10.Bg5 Be6 11.Bb3 Na5 12.Qd3 Rc8 13.Bxf6 Bxf6 14.Rfd1 Nxb3 15.axb3 Be7
16.Nd2 Qc7 17.Nf1 f5 18.Ne3 fxe4 19.Nxe4 Qc6 20.c4 Rf6 21.f3 Kh8 22.Nd5 Bxd5
23.Qxd5 Qb6+ 24.Kh1 Qxb3 25.Qe6 Rc7 26.Nxd6 Bxd6 27.Rxd6 Rf8 28.Qxe5 Qxc4
29.Rad1  1/2-1/2

[Event "Master Open"]
[Site "Singapore SIN"]
[Date "2004.12.15"]
[Round "7"]
[White "Satyapragyan,S"]
[Black "Xu Jun"]
[Result "1/2-1/2"]
[WhiteElo "2370"]
[BlackElo "2589"]

1.e4 c5 2.Nf3 d6 3.d4 cxd4 4.Nxd4 Nf6 5.Nc3 a6 6.Be3 e5 7.Nf3 Be7 8.Bc4 O-O
9.O-O Be6 10.Bb3 b5 11.Re1 Qc7 12.h3 Rc8 13.a3 Nbd7 14.Bg5 Nb6 15.Nd2 h6
16.Bxf6 Bxf6 17.Nf1 Bg5 18.Ne3 Bxe3 19.Rxe3 Nc4 20.Bxc4 Bxc4 21.Qd2 Rcb8
22.Rc1 Qc5 23.Nd1 b4 24.axb4 Qxb4 25.Qxb4 Rxb4 26.Rc3 Rab8 27.f3 d5 28.exd5 Bxd5
29.Rd3 R8b5 30.Ne3 Be6  1/2-1/2

[Event "XVII Torre Mem"]
[Site "Yucatan MEX"]
[Date "2004.12.18"]
[Round "7"]
[White "Martin del Campo,R"]
[Black "Vera,R"]
[Result "1/2-1/2"]
[WhiteElo "2404"]
[BlackElo "2461"]

1.e4 c5 2.Nf3 d6 3.d4 cxd4 4.Nxd4 Nf6 5.Nc3 a6 6.Be3 e6 7.f4 b5 8.Qf3 Bb7
9.Bd3 Nbd7 10.g4 Nc5 11.a3 d5 12.e5 Nfe4 13.Bxe4 Nxe4 14.Nxe4 dxe4 15.Qf2 Qc7
16.O-O-O b4 17.a4 Bd5 18.Kb1 Rc8 19.Rhf1 Bc5 20.f5 b3 21.cxb3 Bxd4 22.Rxd4 Qxe5
23.fxe6 Bxe6 24.Qf4 Qxf4 25.Rxf4 O-O 26.Rdxe4 Bxb3 27.Rb4 Rb8 28.Bc5 Rfc8
29.Rxb8 Rxb8  1/2-1/2

[Event "4th NAO GM"]
[Site "Paris FRA"]
[Date "2004.12.20"]
[Round "6"]
[White "David,Alb"]
[Black "Dunis,A"]
[Result "1/2-1/2"]
[WhiteElo "2573"]
[BlackElo "2461"]

1.e4 c5 2.Nf3 d6 3.d4 cxd4 4.Nxd4 Nf6 5.Nc3 a6 6.Be3 e6 7.f3 b5 8.g4 Nfd7
9.Qd2 Nb6 10.a4 Nxa4 11.Ndxb5 Nb6 12.Ra2 Bb7 13.Qd4  1/2-1/2

[Event "XIII Open"]
[Site "Erandio ESP"]
[Date "2004.12.21"]
[Round "6"]
[White "Rizouk,A"]
[Black "Salinero de Prado,J"]
[Result "1-0"]
[WhiteElo "2465"]
[BlackElo "2192"]

1.e4 c5 2.Nf3 d6 3.d4 cxd4 4.Nxd4 Nf6 5.Nc3 a6 6.Be3 e6 7.f3 Qc7 8.Qd2 Nbd7
9.g4 Ne5 10.g5 Nfd7 11.f4 Nc4 12.Bxc4 Qxc4 13.f5 Ne5 14.O-O-O Bd7 15.Rhf1 O-O-O
16.Qg2 Qb4 17.Nb3 Kb8 18.fxe6 fxe6 19.a3 Qc4 20.Nc5 Nc6 21.Qg3 Bc8 22.b3 Qxc3
23.Nxa6+ bxa6 24.Ba7+ Nxa7 25.Qxc3 Rd7 26.a4 Rc7 27.Qe3 Nc6 28.Kb1 Ne5 29.Rxd6 Bxd6
30.Qb6+ Bb7 31.Qxd6 Ng6 32.Rf7 Rc8 33.Rxg7 Bxe4 34.Rxh7 Bxc2+ 35.Kb2 Kb7
36.Qb4+ Ka7 37.Qd4+ Kb7 38.Rxc7+ Rxc7 39.a5 e5 40.Qb6+ Kc8 41.Qxa6+ Kd7 42.Qb5+ Kd6
43.a6 Ne7 44.Qb4+ Kd7 45.Qa4+ Nc6 46.Kxc2 Kd6 47.Kd3 Kc5 48.Qc4+ Kb6 49.Ke4 Rd7
50.Qe6 Ra7 51.g6  1-0

[Event "4th NAO GM"]
[Site "Paris FRA"]
[Date "2004.12.21"]
[Round "7"]
[White "Gouliev,N"]
[Black "David,Alb"]
[Result "0-1"]
[WhiteElo "2509"]
[BlackElo "2573"]

1.e4 c5 2.Nf3 d6 3.d4 cxd4 4.Nxd4 Nf6 5.Nc3 a6 6.Be3 e6 7.f3 b5 8.Qd2 Nbd7
9.g4 h6 10.O-O-O Bb7 11.h4 b4 12.Nce2 d5 13.exd5 Nxd5 14.Nf4 Nxe3 15.Qxe3 Qb6
16.Bc4 O-O-O 17.Nfe2 Bc5 18.Qb3 Ne5 19.c3 Nxf3 20.Nxf3 Bxf3 21.Rxd8+ Rxd8
22.Rf1 Be4 23.Nd4 Bxd4 24.cxd4 Qxd4 25.Bxa6+ Kb8 26.Rd1 Qxd1+ 27.Qxd1 Rxd1+
28.Kxd1 Bf3+ 29.Kc2 Bxg4 30.Kb3 g5 31.hxg5 hxg5 32.Kxb4 Bf3 33.Kc3 g4 34.Kd2 g3
35.Ke3 Bd5 36.Be2 f5 37.Bf3 g2 38.Bxd5 g1=Q+  0-1

[Event "Stepchev Memorial"]
[Site "Kiev UKR"]
[Date "2004.12.22"]
[Round "2"]
[White "Stratulat,S"]
[Black "Docenko,F"]
[Result "1-0"]
[WhiteElo "2187"]
[BlackElo "2104"]

1.e4 c5 2.Nf3 d6 3.d4 cxd4 4.Nxd4 Nf6 5.Nc3 a6 6.Be3 Qc7 7.a4 e6 8.Be2 Be7
9.O-O O-O 10.f4 Nc6 11.Bf3 Na5 12.Bf2 Nc4 13.b3 Ne3 14.Bxe3 Qxc3 15.Qd3 Qc7
16.c4 Re8 17.a5 Bf8 18.Ne2 Nd7 19.b4 Rb8 20.Rfc1 g6 21.c5 dxc5 22.e5 Ra8
23.bxc5 Nb8 24.Ng3 Nc6 25.Ne4 Rd8 26.Qc3 Be7 27.Nd6 Rf8 28.Rcb1 Rb8 29.Rb6 Bd7
30.Rab1 Bxd6 31.cxd6 Qc8 32.g4 Rd8 33.g5 Be8 34.h4 Bd7 35.R6b2 Re8 36.Bb6 Ra8
37.Bc7 Nd8 38.Bxb7 Nxb7 39.Rxb7 Bb5 40.R1xb5 axb5 41.Qc6 Rd8 42.Qxb5 Kg7
43.a6 Qd7 44.Bxd8 Qxd8 45.a7 Qc8 46.Rc7 Qd8 47.Qb7 Qf8 48.Rxf7+ Qxf7 49.Qxa8 h5
50.Qb8  1-0

[Event "Asian Juniors"]
[Site "Bikaner IND"]
[Date "2004.12.23"]
[Round "2"]
[White "Amanov,M"]
[Black "Arun Prasad,S"]
[Result "0-1"]
[WhiteElo "2250"]
[BlackElo "2367"]

1.e4 c5 2.Nf3 d6 3.d4 cxd4 4.Nxd4 Nf6 5.Nc3 a6 6.Be3 e6 7.f3 b5 8.Qd2 Nbd7
9.g4 Nb6 10.Qf2 Nfd7 11.O-O-O Bb7 12.Kb1 Rc8 13.Nb3 Be7 14.Bd4 O-O 15.e5 d5
16.f4 b4 17.Ne2 Nc4 18.Nec1 Qc7 19.Bd3 a5 20.Rhe1 a4 21.Nd2 a3 22.b3 Nb2
23.Bxb2 axb2 24.Ne2 Nc5 25.Nd4 Ra8 26.a4 bxa3 27.Ka2 Ba6 28.Bxa6 Nxa6 29.Qe3 Bb4
30.c4 Bxd2 31.Rxd2 dxc4 32.bxc4 Rfb8  0-1

[Event "13th Donau Open"]
[Site "Aschach AUT"]
[Date "2004.12.26"]
[Round "1"]
[White "Mueller,Ro"]
[Black "Butunoi,A"]
[Result "1-0"]
[WhiteElo "2096"]
[BlackElo "2372"]

1.e4 c5 2.Nf3 d6 3.d4 cxd4 4.Nxd4 Nf6 5.Nc3 a6 6.Be3 e6 7.g4 b5 8.Bg2 Bb7
9.g5 Nfd7 10.Qh5 g6 11.Qh3 b4 12.Nce2 Nc5 13.Ng3 e5 14.Rd1 Nbd7 15.O-O Be7
16.Ngf5 gxf5 17.exf5 Bxg5 18.Bxb7 Nxb7 19.Ne6 fxe6 20.Qh5+ Kf8 21.fxe6 Qe7
22.Bxg5 Qxe6 23.Qf3+ Ke8 24.Qxb7 Rb8 25.Qc7 Qg4+ 26.Kh1 Qxg5 27.Rxd6 Rd8
28.Re6+ Kf7 29.f4 Qf5 30.Rxe5 Qf6 31.Qc4+ Kf8 32.Qxb4+ Kg7 33.Rg1+ Kf7 34.Qb3+ Kf8
35.Re6 Qd4 36.c3 Qf2 37.Qd5 Qxf4 38.Ree1 Qh6 39.Ref1+ Nf6 40.Qxd8+  1-0

[Event "Asian Juniors"]
[Site "Bikaner IND"]
[Date "2004.12.27"]
[Round "8"]
[White "Deepan,C"]
[Black "Arun Prasad,S"]
[Result "0-1"]
[WhiteElo "2396"]
[BlackElo "2367"]

1.e4 c5 2.Nf3 d6 3.d4 cxd4 4.Nxd4 Nf6 5.Nc3 a6 6.Be3 e5 7.Nb3 Be6 8.f3 h5
9.Qd2 Nbd7 10.O-O-O Rc8 11.Kb1 Be7 12.h3 Qc7 13.Bd3 h4 14.f4 b5 15.Rhe1 O-O
16.g3 b4 17.Ne2 a5 18.gxh4 a4 19.Nbc1 Nc5 20.Bxc5 Qxc5 21.f5 Bc4 22.Rg1 Bxd3
23.cxd3 Rc7 24.Qh6 Qc2+ 25.Ka1 Ne8 26.Rd2 Qxc1+ 27.Nxc1 Rxc1+ 28.Rxc1 gxh6
29.Rg2+ Kh7 30.Rc4 d5 31.exd5 Nf6 32.Re2 Rg8 33.Kb1 Bd6 34.Rc6 Rd8 35.Ra6 Nxd5
36.Rxa4 Nf4 37.Re3 Kg7 38.Ra7 Kf6 39.Rf3 Bc5 40.Rc7 Rxd3 41.Rxf4 exf4 42.Rxc5 f3
43.Rc1 Kxf5 44.Kc2 Re3 45.Kd2 Re2+ 46.Kd3 Rxb2 47.Ke3 f2 48.Kf3 Rxa2 49.Rc5+ Ke6
50.Kg2 b3  0-1

[Event "Asian Juniors"]
[Site "Bikaner IND"]
[Date "2004.12.27"]
[Round "8"]
[White "Rohit,G"]
[Black "Das,A"]
[Result "1/2-1/2"]
[WhiteElo "2281"]
[BlackElo "2353"]

1.e4 c5 2.Nf3 d6 3.d4 cxd4 4.Nxd4 Nf6 5.Nc3 a6 6.Be3 e5 7.Nb3 Be6 8.Qd2 Be7
9.f3 O-O 10.O-O-O Qc7 11.g4 Rc8 12.Kb1 d5 13.exd5 Nxd5 14.Nxd5 Bxd5 15.Be2 Be6
16.Bd3 Nd7 17.Qf2 Nc5 18.Nxc5 Bxc5 19.Bxc5 Qxc5 20.Qxc5 Rxc5 21.Be4 Rb8 22.Rd6 Kf8
23.Rb6 Bd5 24.Re1 f6  1/2-1/2

[Event "13th Donau Open"]
[Site "Aschach AUT"]
[Date "2004.12.28"]
[Round "4"]
[White "Priborsky,J"]
[Black "Orel,O"]
[Result "1-0"]
[WhiteElo "2318"]
[BlackElo "2280"]

1.e4 c5 2.Nf3 d6 3.d4 cxd4 4.Nxd4 Nf6 5.Nc3 a6 6.Be3 e6 7.f3 Qc7 8.g4 h6
9.Qd2 Nbd7 10.O-O-O b5 11.h4 b4 12.Nce2 d5 13.Bg2 dxe4 14.g5 Nd5 15.fxe4 Nxe3
16.Qxe3 e5 17.g6 fxg6 18.Ne6 Qc4 19.Bh3 Nf6 20.Qb6 Kf7 21.Rd8 Qxe4 22.Rhd1 Qxe2
23.Rxc8 Qxd1+ 24.Kxd1 Rxc8 25.Ng5+ Ke8 26.Qe6+ Be7 27.Qxc8+ Bd8 28.Qe6+ Be7
29.Qf7+ Kd8 30.Ne6+ Kd7 31.Nf8+ Kd8 32.Nxg6 Re8 33.Qc4  1-0

[Event "BC Masters"]
[Site "Bois Colombes FRA"]
[Date "2004.12.28"]
[Round "8"]
[White "Apicella,M"]
[Black "Shchekachev,A"]
[Result "1/2-1/2"]
[WhiteElo "2543"]
[BlackElo "2546"]

1.e4 c5 2.Nf3 d6 3.d4 cxd4 4.Nxd4 Nf6 5.Nc3 a6 6.Be3 e6 7.Be2 Qc7 8.O-O b5
9.a3 Bb7 10.f3 Nbd7 11.Qe1 d5 12.exd5 Bxd5 13.Kh1  1/2-1/2

[Event "Asian Juniors"]
[Site "Bikaner IND"]
[Date "2004.12.29"]
[Round "10"]
[White "Rohit,G"]
[Black "Arun Prasad,S"]
[Result "1-0"]
[WhiteElo "2281"]
[BlackElo "2367"]

1.e4 c5 2.Nf3 d6 3.d4 cxd4 4.Nxd4 Nf6 5.Nc3 a6 6.Be3 e5 7.Nb3 Be6 8.Qd2 Be7
9.f3 O-O 10.O-O-O Qc7 11.g4 Rc8 12.g5 Nh5 13.Nd5 Bxd5 14.exd5 Nd7 15.Bh3 g6
16.Kb1 a5 17.Qc1 Qd8 18.Nd2 Ng7 19.f4 Rc7 20.Ne4 Rc4 21.Nd2 Rc7 22.Nf3 exf4
23.Bxf4 a4 24.Rhe1 Bf8 25.Be3 Ne8 26.Bd4 Bg7 27.Qf4 Bxd4 28.Nxd4 Ne5 29.Re4 Ra5
30.Ne6 Qe7 31.Nxc7 Nxc7 32.c4 Na6 33.Qf6 Qxf6 34.gxf6 Nc5 35.Re3 h5 36.Rd4 Ra6
37.Kc2 Kh7 38.Kc3 Kh6 39.Rd2 Kg5 40.Rf2 b6 41.Rf1 Ra7 42.Kd4 Ra8 43.Rg3+ Kh6
44.Ra3 Re8 45.Re3 Ra8 46.Rf2 Kg5 47.Rg3+ Kh6 48.Ra3 Ra5 49.Re2 Kg5 50.Rxe5+ dxe5+
51.Kxe5 Ra8 52.d6 Re8+ 53.Kd5 Kxf6 54.d7 Re5+ 55.Kc6 Ke7 56.Kc7 Nxd7 57.Bxd7 Re2
58.Bxa4 Rxb2 59.h3 f5 60.Bb5 g5 61.Kxb6 g4 62.c5 f4 63.hxg4 hxg4 64.Ra4 Rf2
65.Re4+ Kf6 66.c6 g3 67.c7 Rc2 68.Rxf4+ Kg5 69.Rf8 g2 70.Rg8+ Kf4 71.Rxg2  1-0

[Event "Open A"]
[Site "Krakow POL"]
[Date "2004.12.29"]
[Round "3"]
[White "Szczepinski,M"]
[Black "Mola,P"]
[Result "0-1"]
[WhiteElo "2189"]
[BlackElo "2294"]

1.e4 c5 2.Nf3 d6 3.d4 cxd4 4.Nxd4 Nf6 5.Nc3 a6 6.Be3 e6 7.Qd2 b5 8.f3 Bb7
9.Nb3 Nbd7 10.O-O-O Rc8 11.Qf2 Rxc3 12.bxc3 Qc7 13.g4 h6 14.Qh4 Ne5 15.Be2 d5
16.g5 Ng6 17.Qe1 hxg5 18.Bxg5 Be7 19.Bxf6 gxf6 20.exd5 Bxd5 21.h4 Nf4 22.Kb2 f5
23.Rd4 Bf6 24.Bd1 Bc4 25.Qd2 Nd5 26.h5 a5 27.a3 Nb6 28.h6 Na4+ 29.Kb1 Bxb3
30.cxb3 Nxc3+ 31.Kb2 Nd5 32.Ka2 Qc3 33.Be2 Bxd4  0-1

[Event "Open"]
[Site "Pamplona ESP"]
[Date "2004.12.29"]
[Round "9"]
[White "Perez,Rod"]
[Black "Bruned,B"]
[Result "1-0"]
[WhiteElo "2422"]
[BlackElo "2173"]

1.e4 c5 2.Nf3 d6 3.d4 cxd4 4.Nxd4 Nf6 5.Nc3 a6 6.Be3 Ng4 7.Bg5 h6 8.Bh4 g5
9.Bg3 Bg7 10.Be2 h5 11.Bxg4 hxg4 12.O-O Nc6 13.Nf5 Bxc3 14.bxc3 Qa5 15.Ne3 Be6
16.Rb1 b5 17.Nd5 Rc8 18.a4 Bxd5 19.exd5 Ne5 20.Bxe5 dxe5 21.Qxg4 Qxc3 22.axb5 axb5
23.Rxb5 Qxc2 24.Rb7 Kf8 25.Qxg5 f6 26.Qg4 Re8 27.h3 Qc5 28.Rd1 Qd6 29.Rd7 Rg8
30.Qa4 Qc5 31.Qe4 Qb5 32.Rc7 Qb3 33.Rd3 Qb1+ 34.Kh2 Qb6 35.d6 Qxf2 36.dxe7+ Kf7
37.Qc4+ Kg7 38.Rg3+ Qxg3+ 39.Kxg3 Kh7+ 40.Kf3 Rg7 41.Qe6  1-0

[Event "Open A"]
[Site "Krakow POL"]
[Date "2005.01.02"]
[Round "6"]
[White "Szelag,M"]
[Black "Czakon,J"]
[Result "1-0"]
[WhiteElo "2476"]
[BlackElo "2416"]

1.e4 c5 2.Nf3 d6 3.d4 cxd4 4.Nxd4 Nf6 5.Nc3 a6 6.Be3 Ng4 7.Bc1 Nf6 8.Be3 Ng4
9.Bg5 h6 10.Bh4 g5 11.Bg3 Bg7 12.Be2 h5 13.Bxg4 hxg4 14.Nd5 Nc6 15.Nf5 Bxf5
16.exf5 Bxb2 17.Rb1 Qa5+ 18.Qd2 Bd4 19.Qxa5 Nxa5 20.O-O Kd7 21.Rfe1 Rae8
22.Rb4 Bc5 23.Rxg4 Rhg8 24.h4 gxh4 25.Rxg8 Rxg8 26.Bxh4 Rg4 27.Bxe7 Kc6 28.Ne3 Ra4
29.Re2 Rxa2 30.g4 Ra4 31.g5 Re4 32.g6 fxg6 33.f6 d5 34.Bxc5 Kxc5 35.Nf5 Rxe2
36.f7 gxf5 37.f8=Q+ Kb5 38.Qxf5 Rd2 39.Qd7+ Nc6 40.Qxb7+ Kc5 41.Qb2 Rd4 42.Qa3+ Kb6
43.Qe3 Kb5 44.f4 Re4 45.Qd3+ Kb6 46.f5 Rg4+ 47.Kh2 d4 48.Kh3 Ne5 49.Qe2  1-0

[Event "Open A"]
[Site "Krakow POL"]
[Date "2005.01.03"]
[Round "8"]
[White "Bindrich,F"]
[Black "Czakon,J"]
[Result "1-0"]
[WhiteElo "2351"]
[BlackElo "2416"]

1.e4 c5 2.Nf3 d6 3.d4 cxd4 4.Nxd4 Nf6 5.Nc3 a6 6.Be3 e6 7.Be2 Qc7 8.g4 b5
9.a3 Bb7 10.f3 h6 11.Qd2 Nbd7 12.O-O-O d5 13.exd5 Bxd5 14.Bf4 Qb7 15.Nf5 Bxf3
16.Bxf3 Qxf3 17.Rhe1 O-O-O 18.Nd6+ Bxd6 19.Qxd6 Qb7 20.Nxb5 axb5 21.Re3 Qb6
22.Rc3+ Kb7 23.Rc7+ Ka6 24.Be3 Nc5 25.Qxc5 Qxc5 26.Bxc5 Rxd1+ 27.Kxd1 Rd8+
28.Ke2 Rd7 29.Rc6+ Kb7 30.Rb6+ Kc7 31.Rxb5 Nxg4 32.Bg1 f5 33.a4 Rd5 34.Rxd5 exd5
35.Bd4 Kd6 36.a5 Nxh2 37.a6 Kc6 38.b4 Ng4 39.b5+ Kc7 40.b6+ Kc6 41.b7 Kc7
42.Ba7  1-0